007360000a22002170004500003001100000005001700011008004100028020001500069040003900084041000800123082001700131100002400148245009300172260004800265300002800313650003800341650002700379942000700406952009200413999001300505LK-CoMWRAF20231222110835.0230817t1994 ||||| |||| 00| 0 eng d a9559287001 aLK-CoMWRAFdLK-CoMWRAFeLK-CoMWRAF aeng a920.054bWIM aWimalaratne, K.D.G. aPersonalities Sri Lanka:ba biographical study (15th-20th century), 1490-1990 A.D., A-Z  aColombo:bCeylon Business Appliances,c1994 a xxxix, 149 p. ; 30 cm. aSRI LANKA-Biography--Dictionaries a Sri Lanka--Biography. cBK 00104070aMAINbMAINd2023-08-17l0o920.054 WIMpRAF1668r2023-08-17w2023-08-17yBK c799d799